000 02587nam a22002657a 4500
005 20260407164616.0
008 260407b |||||||| |||| 00| 0 eng d
020 _a9789386827890
040 _cAL
041 _aeng
082 _a670.42
_bCHAI
100 _aDebyendu Chakraborty
_9260576
245 _aIndustrial instrumentation safety and management
260 _aNew Delhi
_bCBS Publishers and Distributors Pvt Ltd
_c2018
300 _ax,166p
_bPB
_c22x14cm
365 _2Computer Science and Engineering
_aVBI-2645
_b₹195.00
_c
_d₹260.00
_e25%
_f20-02-2026
520 _aContents 1. Values of Industrial Instrumentation 1.1 Introduction 1.2 Industrial Instrumentation System 1.3 Instruments Identification 1.4 Behavior of Instruments 2. System-based Instrumentation 2.1 Introduction 2.2 Codes, Standards and Units 2.3 Familiarization with the instrument family 2.4 Online Measurements 2.5 Continuous Emission Monitoring System (CEMS) 3. Ethics of Final Control Element 3.1 Introduction 3.2 Categorization of valves 3.3 Diaphragm Control Valve 3.4 Control Valve Factors 3.5 Inherent Flow Characteristics 3.6 Control Valve Accessories 3.7 Operational Summary 3.8 Calibration Procedure 3.9 Troubleshooting 4. Ethical Techniques and Virtual Instrumentation 4.1 Introduction 4.2 Industrial Techniques by Ethical Instrumentation 4.3 Basic of Virtual Instrumentation 4.4 Lab View 5. Instrumentation Network 5.1 Introduction 5.2 Network Topology 5.3 Instrumentation Telemetry 5.4 Telemetric Classifications 5.5 OSI Layers in Networking 5.6 Fixed Cellular Terminal (FCT) 6. Instrument Maintenance and Safety 6.1 Introduction 6.2 Types of Maintenance 6.3 Repair and Failures Interval Nomenclature 6.4 FMEA and RCA 6.5 SIF and SIS 6.6 LOTO (Lock Out Tag Out) System 6.7 HAZOP (Hazard and Operability) Study 7. MIS, IISPM and Material Management 7.1 Introduction 7.2 MIS 7.3 IISPM 7.4 Managematic Engineer 7.5 Material Management 7.6 Recent Implementations in Material Management 8. Instrumentation Project Management 8.1 Introduction 8.2 Cumulative Techniques of Project Plan 8.3 Instrumentation Scope of Work (ISW) 8.4 Design Perspective 8.5 Instrument Selection 8.6 Erection and Commissioning Techniques
650 _aEthics of Final Control Element
_9260569
650 _aVirtual Instrumentation
_9260570
650 _aIISPM
_9260571
650 _aMaterial Management
_9260572
650 _aBased on True Practical and Theoretical Analysis
_9260577
650 _aInstrumentation Network
_9260573
942 _2ddc
_cBK
999 _c241170
_d241170